Fábulas

Gespeichert in:
Bibliographische Detailangaben
1. Verfasser: García Goyenaga, Rafael
Format: Buch
Sprache:Undetermined
Veröffentlicht: Guatemala Gobierno de Guatemala 1950
Schlagworte:
Tags: Tag hinzufügen
Keine Tags, Fügen Sie den ersten Tag hinzu!

MARC

LEADER 00000nam a2200000Ia 4500
008 170316s9999 xx 000 0 und d
040 |a cru BVZT 
090 |a 860 G-10f 
100 |a García Goyenaga, Rafael 
245 |a Fábulas 
260 |a Guatemala 
260 |b Gobierno de Guatemala 
260 |c 1950 
300 |a 170 páginas 
650 |a LITERATURA LATINOAMERICANA 
999 |c 8685  |d 8685 
942 |c 15 D  |h 860 G-10f  |2 z